| 000 | 00477nam a2200169Ia 4500 | ||
|---|---|---|---|
| 005 | 20240516053858.0 | ||
| 008 | 240331s9999 xx 000 0 und d | ||
| 082 |
_bABE _a333.31 |
||
| 100 | _aAbeysinghe, Ariya | ||
| 245 | 0 | _aAncient land tenure to modernland reform in Sri Lanka | |
| 260 |
_aColombo _bThe center for Society & Religion _c1978 |
||
| 300 | _ax, 106 p ., ( v 1 ) | ||
| 650 | _aSri Lanka's History | ||
| 650 | _aEconomics | ||
| 650 | _aDevelopment | ||
| 942 | _cL | ||
| 999 |
_c2677 _d2677 |
||